00964cam a22002531 4500001001300000003000400013005001700017008004100034010001700075035001800092040006700110050002100177100003000198245008800228260005100316300004100367490003100408500014000439650003200579655003000611700003400641740001800675999001700693w 06000208 DLC20260227112804.0740719r19051680enk 000 0beng c aw 06000208  a(OCoLC)952177 aWashington, D.C. Public LibrarycOKentUdOCoLCdHUdPPPSBdDLC00aPR3329b.L1 19051 aBunyan, John,d1628-1688.10aLife and death of Mr. Badman and The Holy War;cthe text edited by John Brown, D.D. aCambridge [Eng.]bThe University Press,c1905. avi, [1], 431, [1] p.bfront.c20 cm.0 aCambridge English classics aThe Life and death of Mr. Badman is reprinted (including t.-p.) from the 1st edition, 1680. The Holy War is from the 1st edition, 1682. 0aSpiritual warfarevFiction. 7aChristian fiction.2gsafd1 aBrown, John,d1830-1922,eed.0 aThe Holy War. c91747d91747